The student writer : Editor and critic

Written with the kind of supportive tone found in a writing workshop, this three-in-one rhetoric/reader/handbook puts students in control of developing their own writing processes by teaching them how to become astute critics and editors of their work. Now in full-color, the sixth edition of The Stu...

ver descrição completa

Na minha lista:
Detalhes bibliográficos
Autor principal: Clouse, Barbara Fine
Formato: Livro
Idioma:Undetermined
Publicado em: Boston McGraw-Hill 2004
Assuntos:
Tags: Adicionar Tag
Sem tags, seja o primeiro a adicionar uma tag!
Thư viện lưu trữ: Trung tâm Học liệu Trường Đại học Cần Thơ
LEADER 01094nam a2200217Ia 4500
001 CTU_140359
008 210402s9999 xx 000 0 und d
082 |a 808.042 
082 |b C647 
100 |a Clouse, Barbara Fine 
245 4 |a The student writer : 
245 0 |b Editor and critic 
245 0 |c Barbara Fine Clouse 
260 |a Boston 
260 |b McGraw-Hill 
260 |c 2004 
520 |a Written with the kind of supportive tone found in a writing workshop, this three-in-one rhetoric/reader/handbook puts students in control of developing their own writing processes by teaching them how to become astute critics and editors of their work. Now in full-color, the sixth edition of The Student Writer offers new chapters on research, enhanced coverage of visual rhetoric including a new appendix on document design, new and enhanced coverage of plagiarism, and more. 
650 |a Viết báo cáo,English language,Report writing,Tiếng Anh 
650 |x Rhetoric,Tu từ học 
904 |i Trọng Hải 
980 |a Trung tâm Học liệu Trường Đại học Cần Thơ